000 00215nam a2200097Ia 4500
005 20251222114417.0
008 251222s1900||||xx |||||||||||||| ||spa||
082 _aDVD0050/P87/2004
245 0 _aYo, robot:
942 _cDVD
999 _c2266
_d2266